000 00459nam a2200193Ia 4500
003 OSt
005 20250923125416.0
008 250729s2005 xx 000 0 und d
020 _a978-8171697434
040 _cAL
041 _aeng
082 _a375 VASC
100 _aVashist R P
_9222743
245 _aCurriculum research
260 _aNew Delhi
_bCommonwealth Publishers
_c2005
300 _a311p
650 _aEducation
_9222744
942 _2ddc
_cBED
999 _c235590
_d235590